[Event "H. C. Andersen Mind Games"]
[Site "?"]
[Date "2012.05.18"]
[Round "5.14"]
[White "Poulsen, 2084, Iver"]
[Black "Tari, 2216, Aryan"]
[Result "0-1"]
[BlackElo "2216"]
[WhiteElo "2084"]

1. e4 {[%clk 1:30:57]} c5 {[%clk 1:29:06]} 2. Nc3 {[%clk 1:31:14]} Nc6
{[%clk 1:29:16]} 3. Nf3 {[%clk 1:30:02]} g6 {[%clk 1:29:39]} 4. d4
{[%clk 1:30:20]} cxd4 {[%clk 1:30:08]} 5. Nxd4 {[%clk 1:30:42]} Bg7
{[%clk 1:30:34]} 6. Be3 {[%clk 1:30:58]} Nf6 {[%clk 1:30:59]} 7. Bc4
{[%clk 1:30:32]} O-O {[%clk 1:31:17]} 8. Bb3 {[%clk 1:30:20]} a5 {[%clk 1:31:43]}
9. f3 {[%clk 1:30:01]} d5 {[%clk 1:31:58]} 10. Bxd5 {[%clk 1:29:10]} Nxd5
{[%clk 1:31:45]} 11. exd5 {[%clk 1:29:07]} Nb4 {[%clk 1:31:31]} 12. Nde2
{[%clk 1:28:48]} e6 {[%clk 1:10:46]} 13. O-O {[%clk 1:26:55]} Nxd5
{[%clk 1:09:13]} 14. Nxd5 {[%clk 1:26:10]} Qxd5 {[%clk 1:09:14]} 15. Qxd5
{[%clk 1:25:55]} exd5 {[%clk 1:09:43]} 16. Bd4 {[%clk 1:21:23]} Re8
{[%clk 1:09:41]} 17. Bxg7 {[%clk 1:15:23]} Rxe2 {[%clk 1:10:06]} 18. Bc3
{[%clk 1:14:36]} Rxc2 {[%clk 1:10:13]} 19. Rad1 {[%clk 1:06:39]} Be6
{[%clk 1:10:24]} 20. a4 {[%clk 1:05:15]} Rc8 {[%clk 1:10:03]} 21. Rf2
{[%clk 1:04:01]} Rxf2 {[%clk 1:09:44]} 22. Kxf2 {[%clk 1:04:25]} b6
{[%clk 1:09:33]} 23. Ke3 {[%clk 1:03:25]} Kf8 {[%clk 1:09:29]} 24. Bd4
{[%clk 1:00:25]} Rc6 {[%clk 1:06:11]} 25. Rd3 {[%clk 0:58:00]} Bd7
{[%clk 1:04:19]} 26. Kd2 {[%clk 0:46:07]} Ke7 {[%clk 1:02:06]} 27. Rc3
{[%clk 0:43:53]} Kd6 {[%clk 1:02:14]} 28. Rxc6+ {[%clk 0:43:47]} Kxc6
{[%clk 1:02:42]} 29. Kc3 {[%clk 0:41:03]} b5 {[%clk 1:02:35]} 30. axb5+
{[%clk 0:41:19]} Kxb5 {[%clk 1:03:03]} 31. Bf6 {[%clk 0:41:18]} Kc6
{[%clk 1:03:02]} 32. Kd4 {[%clk 0:40:41]} Kd6 {[%clk 1:03:22]} 33. g4
{[%clk 0:34:40]} Bb5 {[%clk 1:03:21]} 34. Bd8 {[%clk 0:33:08]} a4
{[%clk 1:03:39]} 35. h4 {[%clk 0:32:18]} Be2 {[%clk 1:03:49]} 36. Ke3
{[%clk 0:32:31]} Bd1 {[%clk 1:04:17]} 37. h5 {[%clk 0:30:30]} gxh5
{[%clk 1:04:14]} 38. gxh5 {[%clk 0:30:43]} Ke5 {[%clk 1:04:09]} 39. f4+
{[%clk 0:23:52]} Kf5 {[%clk 1:04:02]} 40. h6 {[%clk 0:23:29]} Kg6
{[%clk 1:01:47]} 41. Bg5 {[%clk 0:23:14]} f6 {[%clk 1:02:03]} 42. Bh4
{[%clk 0:23:30]} Kxh6 {[%clk 1:02:25]} 43. Bxf6 {[%clk 0:23:56]} Kg6
{[%clk 1:02:51]} 44. Bh4 {[%clk 0:22:44]} Kf5 {[%clk 1:03:12]} 45. Bf2
{[%clk 0:21:02]} h5 {[%clk 1:03:18]} 46. Kd4 {[%clk 0:21:01]} Bf3
{[%clk 1:03:19]} 47. Bg3 {[%clk 0:20:57]} Kg4 {[%clk 1:02:26]} 48. Bh2
{[%clk 0:20:15]} h4 {[%clk 0:58:31]} 49. Ke5 {[%clk 0:13:38]} Kh3 50. Bg1
{[%clk 0:14:02]} Kg2 {[%clk 0:58:13]} 51. Be3 {[%clk 0:14:25]} h3
{[%clk 0:58:36]} 0-1

[Event "H. C. Andersen Mind Games"]
[Site "?"]
[Date "2012.05.18"]
[Round "5.15"]
[White "Hauge, 2071, Lars Oskar"]
[Black "Nielsen, 2163, John Bauneborg"]
[Result "1/2-1/2"]
[BlackElo "2163"]
[WhiteElo "2071"]

1. c4 {[%clk 1:30:03]} f5 {[%clk 1:30:37]} 2. g3 {[%clk 1:30:15]} Nf6
{[%clk 1:31:02]} 3. Bg2 {[%clk 1:30:40]} g6 {[%clk 1:31:25]} 4. Nf3
{[%clk 1:31:01]} Bg7 {[%clk 1:31:49]} 5. Nc3 {[%clk 1:30:55]} d6 {[%clk 1:31:29]}
6. d4 {[%clk 1:31:12]} O-O {[%clk 1:31:45]} 7. O-O {[%clk 1:29:19]} Nc6
{[%clk 1:32:02]} 8. d5 {[%clk 1:26:37]} Na5 {[%clk 1:32:28]} 9. Qd3
{[%clk 1:20:05]} c5 {[%clk 1:32:28]} 10. b3 {[%clk 1:15:55]} a6 {[%clk 1:30:36]}
11. Bb2 {[%clk 1:13:09]} Rb8 {[%clk 1:30:44]} 12. Rab1 {[%clk 1:08:22]} b5
{[%clk 1:29:56]} 13. Ba1 {[%clk 1:04:24]} Ne4 {[%clk 1:26:48]} 14. Nxe4
{[%clk 0:54:22]} fxe4 {[%clk 1:26:45]} 15. Qxe4 {[%clk 0:54:30]} Bf5
{[%clk 1:26:56]} 16. Qh4 {[%clk 0:54:28]} bxc4 {[%clk 1:11:43]} 17. Bxg7
{[%clk 0:43:39]} Kxg7 {[%clk 1:10:52]} 18. e4 {[%clk 0:42:10]} Bd7
{[%clk 1:10:34]} 19. e5 {[%clk 0:36:50]} cxb3 {[%clk 1:08:10]} 20. e6
{[%clk 0:36:59]} Rb4 {[%clk 1:07:52]} 21. Qg5 {[%clk 0:35:52]} Bb5
{[%clk 1:04:54]} 22. Rfe1 {[%clk 0:34:29]} Bd3 {[%clk 0:58:43]} 23. Rb2
{[%clk 0:33:34]} Bc4 {[%clk 0:31:27]} 24. axb3 {[%clk 0:32:53]} Nxb3
{[%clk 0:29:42]} 25. Qe3 {[%clk 0:29:37]} Bxd5 {[%clk 0:23:35]} 26. Qc3+
{[%clk 0:29:51]} Kg8 {[%clk 0:21:23]} 27. Ng5 {[%clk 0:29:48]} Bxg2
{[%clk 0:15:20]} 28. Nf7 {[%clk 0:29:38]} Rxf7 {[%clk 0:15:31]} 29. exf7+
{[%clk 0:29:55]} Kxf7 {[%clk 0:15:55]} 30. Kxg2 {[%clk 0:26:49]} Qb6
{[%clk 0:10:45]} 31. Qh8 {[%clk 0:26:01]} e5 {[%clk 0:09:14]} 32. Qxh7+
{[%clk 0:25:49]} Kf6 {[%clk 0:09:34]} 33. Qh8+ {[%clk 0:24:29]} Kf7
{[%clk 0:09:46]} 34. Qh7+ {[%clk 0:13:03]} Kf6 {[%clk 0:09:27]} 35. Qh8+
{[%clk 0:04:59]} 1/2-1/2

[Event "H. C. Andersen Mind Games"]
[Site "?"]
[Date "2012.05.18"]
[Round "5.16"]
[White "Hansen, 1992, Lars-Henrik Bech"]
[Black "Christiansen, 2151, Jens Jorgen"]
[Result "0-1"]
[BlackElo "2151"]
[WhiteElo "1992"]

1. e4 {[%clk 1:30:42]} Nf6 {[%clk 1:30:51]} 2. Nc3 {[%clk 1:30:38]} d5
{[%clk 1:31:05]} 3. e5 {[%clk 1:30:39]} Nfd7 {[%clk 1:31:23]} 4. e6
{[%clk 1:29:47]} fxe6 {[%clk 1:31:51]} 5. d4 {[%clk 1:30:09]} c5 {[%clk 1:30:39]}
6. Bd3 {[%clk 1:30:32]} Nf6 {[%clk 1:30:32]} 7. dxc5 {[%clk 1:28:56]} e5
{[%clk 1:28:28]} 8. Bg5 {[%clk 1:28:15]} e6 {[%clk 1:26:04]} 9. Bxf6
{[%clk 1:23:59]} Qxf6 {[%clk 1:25:44]} 10. Nb5 {[%clk 1:24:23]} Bxc5
{[%clk 1:18:46]} 11. Qh5+ {[%clk 1:19:31]} g6 {[%clk 1:18:55]} 12. Qf3
{[%clk 1:19:37]} Qe7 {[%clk 1:16:13]} 13. Qg3 {[%clk 1:16:38]} Nc6
{[%clk 1:16:04]} 14. O-O-O {[%clk 1:15:20]} a6 {[%clk 1:16:02]} 15. Nc3
{[%clk 1:14:22]} Bd7 {[%clk 1:10:10]} 16. f3 {[%clk 1:13:47]} O-O-O
{[%clk 1:09:33]} 17. h4 {[%clk 1:14:10]} Qf6 {[%clk 1:05:07]} 18. Nh3
{[%clk 1:11:32]} Nd4 {[%clk 1:02:01]} 19. Rde1 {[%clk 1:10:38]} Bd6
{[%clk 1:02:14]} 20. Qf2 {[%clk 1:10:11]} Kb8 {[%clk 0:57:37]} 21. Ne2
{[%clk 1:09:22]} Rc8 {[%clk 0:51:26]} 22. Kb1 {[%clk 1:06:00]} Nf5
{[%clk 0:47:12]} 23. Bxa6 {[%clk 1:05:44]} Bc5 {[%clk 0:47:34]} 0-1

[Event "H. C. Andersen Mind Games"]
[Site "?"]
[Date "2012.05.18"]
[Round "5.17"]
[White "Eriksson, 2149, Christian"]
[Black "Bonnelykke, 2027, Ole"]
[Result "0-1"]
[BlackElo "2027"]
[WhiteElo "2149"]

1. e4 {[%clk 1:30:57]} e6 {[%clk 1:30:30]} 2. d4 {[%clk 1:31:19]} d5
{[%clk 1:30:53]} 3. Nc3 {[%clk 1:31:25]} Bb4 {[%clk 1:31:07]} 4. e5
{[%clk 1:31:47]} Qd7 {[%clk 1:31:14]} 5. a3 {[%clk 1:31:05]} Bxc3+
{[%clk 1:31:31]} 6. bxc3 {[%clk 1:31:33]} b6 {[%clk 1:31:43]} 7. Qg4
{[%clk 1:31:07]} f5 {[%clk 1:31:50]} 8. Qg3 {[%clk 1:30:48]} Ba6 {[%clk 1:31:45]}
9. Bxa6 {[%clk 1:27:47]} Nxa6 {[%clk 1:32:05]} 10. Ne2 {[%clk 1:28:00]} Nb8
{[%clk 1:31:57]} 11. h4 {[%clk 1:27:47]} Nc6 {[%clk 1:31:41]} 12. Nf4
{[%clk 1:25:58]} O-O-O {[%clk 1:27:44]} 13. h5 {[%clk 1:20:12]} Na5
{[%clk 1:24:16]} 14. Rh3 {[%clk 1:11:40]} Qf7 {[%clk 1:19:18]} 15. Nd3
{[%clk 0:51:10]} Nc4 {[%clk 1:17:47]} 16. Bg5 {[%clk 0:50:33]} Ne7
{[%clk 1:12:46]} 17. Nf4 {[%clk 0:46:14]} Rde8 {[%clk 1:10:14]} 18. Qh4
{[%clk 0:43:55]} Nc6 {[%clk 1:01:44]} 19. h6 {[%clk 0:42:19]} g6 {[%clk 0:58:02]}
20. Nd3 {[%clk 0:40:22]} a5 {[%clk 0:56:19]} 21. Qf4 {[%clk 0:38:19]} Na7
{[%clk 0:51:14]} 22. a4 {[%clk 0:37:45]} Qd7 {[%clk 0:49:48]} 23. Qc1
{[%clk 0:36:32]} Qc6 {[%clk 0:45:37]} 24. Kf1 {[%clk 0:33:44]} Rhf8
{[%clk 0:43:18]} 25. Bf4 {[%clk 0:27:20]} Qd7 {[%clk 0:39:52]} 26. Kg1
{[%clk 0:26:29]} Nc6 {[%clk 0:39:08]} 27. Bg5 {[%clk 0:24:50]} Nd8
{[%clk 0:37:54]} 28. Bf6 {[%clk 0:22:23]} Nf7 {[%clk 0:35:58]} 29. Rg3
{[%clk 0:19:59]} Nfd6 {[%clk 0:34:37]} 30. f3 {[%clk 0:17:16]} Nf7
{[%clk 0:29:01]} 31. Bg7 {[%clk 0:16:37]} Rg8 {[%clk 0:28:13]} 32. Nf4
{[%clk 0:15:54]} Kb7 {[%clk 0:25:08]} 33. Kf2 {[%clk 0:14:34]} Qc6
{[%clk 0:22:59]} 34. Rh3 {[%clk 0:12:50]} Ng5 {[%clk 0:14:17]} 35. Rg3
{[%clk 0:12:52]} Nf7 {[%clk 0:14:24]} 36. Rh3 {[%clk 0:12:07]} Ng5
{[%clk 0:14:35]} 37. Rh1 {[%clk 0:12:02]} Nf7 {[%clk 0:14:00]} 38. Re1
{[%clk 0:12:06]} Qd7 {[%clk 0:12:49]} 39. Re2 {[%clk 0:10:52]} Qe7
{[%clk 0:11:52]} 40. Bf6 {[%clk 0:09:50]} Qf8 {[%clk 0:11:33]} 41. Bg7
{[%clk 0:09:55]} Qe7 {[%clk 0:10:46]} 42. g3 {[%clk 0:10:09]} Nd8
{[%clk 0:10:05]} 43. Bf6 {[%clk 0:09:52]} Qf7 {[%clk 0:10:19]} 44. Nh3
{[%clk 0:10:05]} Nc6 {[%clk 0:09:28]} 45. Ng5 {[%clk 0:09:52]} Qd7
{[%clk 0:09:36]} 46. Kg2 {[%clk 0:09:56]} Nd8 {[%clk 0:09:20]} 47. Qh1
{[%clk 0:08:41]} Nf7 {[%clk 0:09:14]} 48. Nxh7 {[%clk 0:08:15]} Nfxe5
{[%clk 0:09:26]} 49. Ng5 {[%clk 0:07:42]} Nf7 {[%clk 0:08:45]} 50. h7
{[%clk 0:07:42]} Rh8 {[%clk 0:04:16]} 51. Nxf7 {[%clk 0:05:39]} Qxf7
{[%clk 0:04:30]} 52. Bxh8 {[%clk 0:05:31]} Rxh8 {[%clk 0:04:50]} 53. Rae1
{[%clk 0:05:14]} Rxh7 {[%clk 0:04:50]} 54. Qg1 {[%clk 0:04:25]} f4
{[%clk 0:04:20]} 55. Rxe6 {[%clk 0:04:08]} Qf5 {[%clk 0:02:29]} 56. R1e2
{[%clk 0:02:06]} fxg3 {[%clk 0:01:38]} 57. Kxg3 {[%clk 0:01:04]} Rh3+
{[%clk 0:01:42]} 58. Kf2 {[%clk 0:01:33]} Qxf3+ {[%clk 0:01:38]} 59. Ke1
{[%clk 0:01:55]} Rh1 {[%clk 0:01:44]} 0-1

[Event "H. C. Andersen Mind Games"]
[Site "?"]
[Date "2012.05.18"]
[Round "5.18"]
[White "Sorensen, 1993, Alex"]
[Black "Stolberg-Rohr, 1985, WFM Thomine"]
[Result "0-1"]
[BlackElo "1985"]
[WhiteElo "1993"]

1. e4 {[%clk 1:30:40]} c6 {[%clk 1:30:55]} 2. f4 {[%clk 1:27:13]} d5
{[%clk 1:30:53]} 3. e5 {[%clk 1:27:20]} e6 {[%clk 1:23:02]} 4. d4
{[%clk 1:26:14]} Nh6 {[%clk 1:21:18]} 5. Nd2 {[%clk 1:21:26]} Nf5
{[%clk 1:18:18]} 6. Ndf3 {[%clk 1:20:43]} c5 {[%clk 1:17:21]} 7. c3
{[%clk 1:19:13]} Nc6 {[%clk 1:16:59]} 8. Bd3 {[%clk 1:16:38]} Qa5
{[%clk 1:09:14]} 9. Bxf5 {[%clk 1:09:37]} exf5 {[%clk 1:09:35]} 10. Ne2
{[%clk 1:08:14]} Be6 {[%clk 1:09:25]} 11. O-O {[%clk 1:07:45]} Be7
{[%clk 1:08:34]} 12. Be3 {[%clk 1:07:45]} c4 {[%clk 1:08:04]} 13. Kh1
{[%clk 1:05:48]} b5 {[%clk 1:08:00]} 14. a3 {[%clk 0:56:29]} Qb6 {[%clk 1:07:29]}
15. Qc2 {[%clk 0:48:50]} a5 {[%clk 1:04:42]} 16. Nd2 {[%clk 0:45:48]} O-O
{[%clk 0:59:22]} 17. Bg1 {[%clk 0:39:43]} Qb7 {[%clk 0:58:43]} 18. Rf3
{[%clk 0:39:24]} b4 {[%clk 0:58:18]} 19. Rh3 {[%clk 0:37:11]} g6 {[%clk 0:54:30]}
20. Nf3 {[%clk 0:32:49]} Kg7 {[%clk 0:53:15]} 21. Ng5 {[%clk 0:30:09]} h6
{[%clk 0:52:50]} 22. Nf3 {[%clk 0:29:03]} bxa3 {[%clk 0:47:49]} 23. bxa3
{[%clk 0:28:40]} Rfb8 {[%clk 0:47:23]} 24. Nh4 {[%clk 0:25:08]} Qb2
{[%clk 0:44:57]} 25. Qd1 {[%clk 0:25:21]} Rb3 {[%clk 0:42:59]} 26. Ng3
{[%clk 0:22:11]} Bxh4 {[%clk 0:33:29]} 27. Nh5+ {[%clk 0:15:21]} gxh5
{[%clk 0:31:31]} 28. Qxh5 {[%clk 0:15:12]} Rxc3 {[%clk 0:27:21]} 29. Rxh4
{[%clk 0:11:30]} Rh8 {[%clk 0:26:04]} 30. Rf1 {[%clk 0:06:14]} Rxa3
{[%clk 0:22:23]} 31. Rg4+ {[%clk 0:06:18]} Kf8 {[%clk 0:17:36]} 32. Rg6
{[%clk 0:05:08]} fxg6 {[%clk 0:13:12]} 33. Qxg6 {[%clk 0:05:30]} Rg8
{[%clk 0:12:51]} 34. Qf6+ {[%clk 0:05:02]} Bf7 {[%clk 0:12:37]} 35. Rf2
{[%clk 0:04:33]} Qb7 {[%clk 0:09:58]} 36. e6 {[%clk 0:04:53]} Rg6
{[%clk 0:07:58]} 37. Qh8+ {[%clk 0:05:08]} Bg8 {[%clk 0:07:37]} 0-1

[Event "H. C. Andersen Mind Games"]
[Site "?"]
[Date "2012.05.18"]
[Round "5.20"]
[White "Dirlis, 1852, Nikolaos"]
[Black "Johansen, 1967, Johnny Holler"]
[Result "0-1"]
[BlackElo "1967"]
[WhiteElo "1852"]

1. d4 {[%clk 1:30:47]} Nf6 {[%clk 1:30:46]} 2. c4 {[%clk 1:31:06]} e6
{[%clk 1:30:51]} 3. Nc3 {[%clk 1:31:28]} Bb4 {[%clk 1:31:08]} 4. e3
{[%clk 1:31:48]} c5 {[%clk 1:30:16]} 5. Nge2 {[%clk 1:31:34]} Nc6
{[%clk 1:30:18]} 6. a3 {[%clk 1:31:48]} cxd4 {[%clk 1:30:10]} 7. axb4
{[%clk 1:31:40]} dxc3 {[%clk 1:30:35]} 8. bxc3 {[%clk 1:31:17]} d6
{[%clk 1:29:54]} 9. Nd4 {[%clk 1:30:44]} O-O {[%clk 1:25:49]} 10. Be2
{[%clk 1:29:20]} Bd7 {[%clk 1:23:32]} 11. O-O {[%clk 1:28:45]} a5
{[%clk 1:20:06]} 12. Nxc6 {[%clk 1:28:21]} Bxc6 {[%clk 1:19:59]} 13. b5
{[%clk 1:28:41]} Be4 {[%clk 1:20:10]} 14. Ba3 {[%clk 1:28:30]} Re8
{[%clk 1:12:48]} 15. Qxd6 {[%clk 1:28:18]} Qxd6 {[%clk 1:12:30]} 16. Bxd6
{[%clk 1:28:43]} Red8 {[%clk 1:12:33]} 17. Rfd1 {[%clk 1:27:56]} Bc2
{[%clk 1:11:18]} 18. Rd2 {[%clk 1:23:27]} Bb3 {[%clk 1:09:07]} 19. c5
{[%clk 1:21:29]} Ne4 {[%clk 1:08:25]} 20. Rb2 {[%clk 1:21:09]} a4
{[%clk 1:08:32]} 21. Bf3 {[%clk 1:14:34]} f5 {[%clk 1:04:33]} 22. Bc7
{[%clk 1:05:10]} Rdc8 {[%clk 1:04:16]} 23. Bxe4 {[%clk 1:05:01]} fxe4
{[%clk 1:04:39]} 24. Bd6 {[%clk 0:57:02]} Rd8 {[%clk 0:59:45]} 25. h3
{[%clk 0:51:25]} Rac8 {[%clk 0:59:12]} 26. b6 {[%clk 0:49:53]} Kf7
{[%clk 0:56:43]} 27. Bc7 {[%clk 0:49:22]} Rd7 {[%clk 0:49:38]} 28. c6
{[%clk 0:48:44]} bxc6 {[%clk 0:49:58]} 29. b7 {[%clk 0:48:50]} Rdxc7
{[%clk 0:50:21]} 30. bxc8=Q {[%clk 0:49:12]} Rxc8 {[%clk 0:50:46]} 31. Rd2
{[%clk 0:49:19]} Ke7 {[%clk 0:50:08]} 32. Kf1 {[%clk 0:49:33]} Rb8
{[%clk 0:46:54]} 33. Ke1 {[%clk 0:49:11]} Rb5 {[%clk 0:47:05]} 34. Rd4
{[%clk 0:49:07]} Bc2 {[%clk 0:46:06]} 35. Kd2 {[%clk 0:40:39]} c5
{[%clk 0:45:29]} 36. Kxc2 {[%clk 0:32:47]} cxd4 {[%clk 0:45:51]} 37. exd4
{[%clk 0:32:26]} Rf5 {[%clk 0:42:46]} 38. Rf1 {[%clk 0:32:05]} Kd6
{[%clk 0:41:05]} 39. c4 {[%clk 0:32:24]} Rg5 {[%clk 0:41:16]} 40. g3
{[%clk 0:28:50]} Rf5 {[%clk 0:41:20]} 41. Kd2 {[%clk 0:28:21]} Rf3
{[%clk 0:37:16]} 42. Ra1 {[%clk 0:27:56]} a3 {[%clk 0:36:36]} 43. Ke2
{[%clk 0:26:38]} Rd3 {[%clk 0:34:17]} 44. Ra2 Kc6 0-1

[Event "H. C. Andersen Mind Games"]
[Site "?"]
[Date "2012.05.18"]
[Round "5.21"]
[White "Hansen, 1905, Ib Lynaes"]
[Black "Heinemann, 1885, Guido"]
[Result "1/2-1/2"]
[BlackElo "1885"]
[WhiteElo "1905"]

1. c4 {[%clk 1:30:30]} e6 {[%clk 1:30:30]} 2. Nf3 {[%clk 1:29:34]} b6
{[%clk 1:30:53]} 3. g3 {[%clk 1:29:49]} Bb7 {[%clk 1:31:16]} 4. Bg2
{[%clk 1:30:08]} Nf6 {[%clk 1:30:58]} 5. O-O {[%clk 1:30:14]} Be7
{[%clk 1:31:03]} 6. b3 {[%clk 1:29:38]} d5 {[%clk 1:29:46]} 7. Bb2
{[%clk 1:29:28]} Nbd7 {[%clk 1:29:37]} 8. cxd5 {[%clk 1:25:42]} exd5
{[%clk 1:28:13]} 9. Nc3 {[%clk 1:19:08]} c5 {[%clk 1:26:32]} 10. d4
{[%clk 1:19:14]} O-O {[%clk 1:26:03]} 11. e3 {[%clk 1:16:14]} Rc8
{[%clk 1:21:40]} 12. Qe2 {[%clk 1:15:32]} cxd4 {[%clk 1:21:42]} 13. Nxd4
{[%clk 1:15:22]} Bb4 {[%clk 1:17:59]} 14. Rac1 {[%clk 1:14:35]} Nc5
{[%clk 1:16:28]} 15. Rfd1 {[%clk 1:14:01]} Bxc3 {[%clk 1:16:14]} 16. Bxc3
{[%clk 1:13:03]} Re8 {[%clk 1:12:18]} 17. Bb2 {[%clk 1:11:55]} Ba6
{[%clk 1:06:39]} 18. Qf3 {[%clk 1:11:06]} Nd3 {[%clk 1:05:22]} 19. Rxc8
{[%clk 1:10:40]} Qxc8 {[%clk 1:05:45]} 20. Ba1 {[%clk 1:07:03]} Ne4
{[%clk 1:04:35]} 21. Nf5 {[%clk 1:05:01]} Ndxf2 {[%clk 1:01:21]} 22. Nxg7
{[%clk 1:04:25]} Nxd1 {[%clk 0:55:30]} 23. Qxd1 {[%clk 1:00:51]} Rd8
{[%clk 0:47:14]} 24. Nh5 {[%clk 0:59:01]} Nc3 {[%clk 0:10:47]} 25. Nf6+
{[%clk 0:51:44]} Kf8 {[%clk 0:06:53]} 26. Qe1 {[%clk 0:50:04]} Ne2+
{[%clk 0:06:13]} 27. Kh1 {[%clk 0:49:24]} Qc1 {[%clk 0:05:56]} 28. Qxc1
{[%clk 0:48:56]} Nxc1 {[%clk 0:06:23]} 29. Nxh7+ {[%clk 0:48:58]} Ke8
{[%clk 0:06:35]} 30. Nf6+ {[%clk 0:49:15]} Ke7 {[%clk 0:05:14]} 31. Bb2
{[%clk 0:38:52]} Nd3 {[%clk 0:05:13]} 32. Bd4 {[%clk 0:38:01]} Rc8
{[%clk 0:04:46]} 33. Nxd5+ {[%clk 0:37:03]} Kd6 {[%clk 0:05:09]} 34. Nc3
{[%clk 0:37:05]} Nc5 {[%clk 0:03:08]} 35. h4 {[%clk 0:36:47]} Ne6
{[%clk 0:03:41]} 36. Bf6 {[%clk 0:33:59]} Bd3 {[%clk 0:03:26]} 37. Kh2
{[%clk 0:33:32]} b5 {[%clk 0:03:49]} 38. b4 {[%clk 0:32:41]} a5 {[%clk 0:04:04]}
39. bxa5 {[%clk 0:32:04]} b4 {[%clk 0:04:26]} 40. Ne4+ {[%clk 0:24:32]} Kd7
{[%clk 0:04:50]} 41. Nf2 {[%clk 0:23:51]} Bb1 {[%clk 0:05:04]} 42. h5
{[%clk 0:23:13]} Rc2 {[%clk 0:05:23]} 43. Kg1 {[%clk 0:21:48]} Rxa2
{[%clk 0:05:40]} 44. h6 {[%clk 0:22:08]} Rxa5 {[%clk 0:05:54]} 45. Ne4
{[%clk 0:22:01]} Nf8 {[%clk 0:05:39]} 46. Bh3+ {[%clk 0:19:58]} Kc6
{[%clk 0:05:25]} 47. Nd2 {[%clk 0:19:38]} Bg6 {[%clk 0:05:23]} 48. Be7
{[%clk 0:19:55]} Ra1+ {[%clk 0:05:08]} 49. Kf2 {[%clk 0:19:45]} Nh7
{[%clk 0:05:06]} 50. Bxb4 {[%clk 0:19:57]} Ng5 {[%clk 0:05:09]} 51. Bg2+
{[%clk 0:18:13]} Kb5 {[%clk 0:05:19]} 52. Bc3 {[%clk 0:16:11]} Ra2
{[%clk 0:05:34]} 53. Ke1 {[%clk 0:15:00]} Rc2 {[%clk 0:05:28]} 54. Bf1+
{[%clk 0:13:41]} Kc6 {[%clk 0:05:34]} 55. Bf6 {[%clk 0:13:34]} Nh7
{[%clk 0:05:43]} 56. Be5 {[%clk 0:13:17]} Ng5 {[%clk 0:05:56]} 57. Kd1
{[%clk 0:12:28]} Ra2 {[%clk 0:05:32]} 58. Bc4 {[%clk 0:11:49]} Rxd2+
{[%clk 0:05:35]} 59. Kxd2 {[%clk 0:11:47]} Nf3+ {[%clk 0:06:03]} 60. Kc3
{[%clk 0:07:53]} Nxe5 {[%clk 0:06:27]} 61. Bb3 {[%clk 0:07:42]} Kd6
{[%clk 0:06:25]} 62. Bc2 {[%clk 0:06:21]} Bxc2 {[%clk 0:05:46]} 63. Kxc2
{[%clk 0:06:46]} Kd5 {[%clk 0:05:58]} 64. Kd2 {[%clk 0:06:32]} Ke4
{[%clk 0:05:57]} 65. Ke2 {[%clk 0:06:19]} Kf5 {[%clk 0:06:15]} 66. h7
{[%clk 0:06:19]} Ng6 {[%clk 0:06:39]} 67. Kf3 {[%clk 0:06:18]} Nh8
{[%clk 0:07:00]} 68. e4+ {[%clk 0:05:19]} Kg6 {[%clk 0:07:05]} 69. Kf4
{[%clk 0:04:49]} Kxh7 {[%clk 0:07:10]} 70. Kf5 {[%clk 0:05:10]} Kg7
{[%clk 0:07:11]} 71. e5 {[%clk 0:03:48]} Ng6 {[%clk 0:07:15]} 72. e6
{[%clk 0:03:16]} Ne7+ {[%clk 0:05:47]} 73. Ke5 {[%clk 0:03:17]} f6+
{[%clk 0:04:58]} 74. Kd6 {[%clk 0:03:36]} Nf5+ {[%clk 0:02:55]} 75. Kd7
{[%clk 0:03:27]} Kf8 {[%clk 0:02:51]} 76. Kd8 {[%clk 0:03:07]} Ne7
{[%clk 0:02:41]} 77. Kd7 {[%clk 0:03:26]} f5 {[%clk 0:02:37]} 78. Kd8
{[%clk 0:03:50]} Ng6 {[%clk 0:01:50]} 79. Kd7 {[%clk 0:04:09]} 1/2-1/2

[Event "H. C. Andersen Mind Games"]
[Site "?"]
[Date "2012.05.18"]
[Round "5.22"]
[White "Nielsen, 1998, Brian"]
[Black "Nielsen, 1616, Thomas"]
[Result "0-1"]
[BlackElo "1616"]
[WhiteElo "1998"]

1. Nf3 {[%clk 1:30:57]} Nf6 {[%clk 1:30:48]} 2. g3 {[%clk 1:31:10]} g6
{[%clk 1:31:12]} 3. Bg2 {[%clk 1:31:25]} Bg7 {[%clk 1:31:37]} 4. d4
{[%clk 1:31:18]} d5 {[%clk 1:31:59]} 5. O-O {[%clk 1:30:41]} O-O {[%clk 1:32:25]}
6. Nc3 {[%clk 1:29:24]} c6 {[%clk 1:32:42]} 7. Bf4 {[%clk 1:27:38]} Nbd7
{[%clk 1:32:52]} 8. Qd2 {[%clk 1:26:18]} Re8 {[%clk 1:32:31]} 9. Rfe1
{[%clk 1:23:30]} Nh5 {[%clk 1:28:25]} 10. Bh6 {[%clk 1:17:36]} e5
{[%clk 1:28:33]} 11. Bxg7 {[%clk 1:15:52]} Nxg7 {[%clk 1:28:52]} 12. e4
{[%clk 1:08:56]} exd4 {[%clk 1:23:56]} 13. Nxd4 {[%clk 1:04:04]} dxe4
{[%clk 1:20:40]} 14. Nxe4 {[%clk 1:00:17]} Nb6 {[%clk 1:20:54]} 15. c3
{[%clk 0:53:59]} Bf5 {[%clk 1:20:54]} 16. Nxf5 {[%clk 0:44:52]} Qxd2
{[%clk 1:21:15]} 17. Nh6+ {[%clk 0:45:03]} Qxh6 {[%clk 1:21:34]} 0-1

[Event "H. C. Andersen Mindgames"]
[Site "?"]
[Date "2012.05.19"]
[Round "6.2"]
[White "Maksimenko, 2554, GM Andrei"]
[Black "Lund, 2401, IM Silas"]
[Result "1/2-1/2"]
[LiveChessVersion "1.3.1"]
[BlackElo "2401"]
[WhiteElo "2554"]

1. Nf3 {[%clk 1:30:54]} d5 {[%clk 1:30:30]} 2. c4 {[%clk 1:31:12]} d4
{[%clk 1:30:11]} 3. g3 {[%clk 1:30:37]} Nc6 {[%clk 1:30:20]} 4. Bg2
{[%clk 1:30:32]} e5 {[%clk 1:30:41]} 5. O-O {[%clk 1:30:39]} Nf6 {[%clk 1:29:49]}
6. d3 {[%clk 1:24:56]} Bd6 {[%clk 1:29:53]} 7. e3 {[%clk 1:17:22]} O-O
{[%clk 1:29:59]} 8. exd4 {[%clk 1:16:11]} Nxd4 {[%clk 1:30:20]} 9. Nxd4
{[%clk 1:10:15]} exd4 {[%clk 1:30:36]} 10. Bg5 {[%clk 1:09:17]} h6
{[%clk 1:29:05]} 11. Bxf6 {[%clk 1:09:42]} Qxf6 {[%clk 1:29:29]} 12. Nd2
{[%clk 1:09:33]} c6 {[%clk 1:16:52]} 13. Qc2 {[%clk 0:54:10]} Re8
{[%clk 1:10:25]} 14. Rfe1 {[%clk 0:45:22]} Be6 {[%clk 1:08:09]} 15. c5
{[%clk 0:39:54]} Bf8 {[%clk 1:05:29]} 16. b4 {[%clk 0:39:32]} a5 {[%clk 0:53:24]}
17. a3 {[%clk 0:35:23]} Ra7 {[%clk 0:45:40]} 18. Ne4 {[%clk 0:26:51]} Qd8
{[%clk 0:42:23]} 19. Qb2 {[%clk 0:22:41]} Qd7 {[%clk 0:40:40]} 20. Nd2
{[%clk 0:18:07]} Rd8 {[%clk 0:35:23]} 21. Nf3 1/2-1/2